|
|
|
|
| LEADER |
00000ny a22000003n 4500 |
| 005 |
20110511104944.0 |
| 008 |
091216s us 000 eng d |
| 022 |
0 |
|
|a 0190-2563
|
| 035 |
|
|
|a 2866
|
| 040 |
|
|
|a UCA
|d vLex
|
| 090 |
|
|
|c 1618
|d 1618
|
| 245 |
0 |
0 |
|a Corrections today
|h [Recurso electrn̤ico]
|
| 256 |
|
|
|a Servicio en ln̕ea
|
| 260 |
|
|
|a Laurel, Md., Estados Unidos :
|b American Correctional Association
|
| 506 |
1 |
|
|a Contenido solo disponible en los productos indicados
|d vLex Global
|d vLex Global (Academic Edition, excluding Law Schools)
|d vLex Global (Academic Edition, Law Schools)
|
| 530 |
|
|
|a Online version of print publication.
|
| 550 |
|
|
|a "Official publication of the American Correctional Association."
|
| 650 |
0 |
4 |
|a Correccionales
|z Estados Unidos
|x Publicaciones perid̤icas
|
| 650 |
0 |
4 |
|a Prisiones
|x Derecho
|z Estados Unidos
|
| 650 |
0 |
4 |
|a Law
|
| 710 |
2 |
|
|a American Correctional Association
|
| 740 |
0 |
|
|a vLex Revista (Servicios en ln̕ea)
|
| 773 |
0 |
|
|t Academic Search Premier
|d Ipswich, MA : EBSCO Publishing, 1999-
|
| 843 |
|
|
|a Electrn̤ica. Abierta
|
| 853 |
|
|
|8 1
|i (year)
|j (month)
|k (day)
|
| 856 |
4 |
0 |
|u http://vlex.com/source/2866
|z Acceso restringido
|
| 942 |
|
|
|c REV
|
| 999 |
0 |
0 |
|a Corrections
|v Periodicals.
|
| 999 |
0 |
0 |
|a Corrections
|z United States
|v Periodicals.
|
| 999 |
0 |
0 |
|a Prisons
|v Periodicals.
|
| 999 |
0 |
0 |
|a Prisons
|z United States
|v Periodicals.
|